000 01059nac a22003017a 4500
001 BR0404898
003 BR-BrBNA
005 20240105123042.0
008 230509b bl.|||m| |||| 00| 0 por d
040 _aBR-BrBNA
_bpor
_cBiblioteca Nacional de Agricultura
072 _aF40; F01
090 _a1190 BR0404898
100 1 _aMiranda, J. de S.
100 1 _aOliveira Filho, J.L. de
110 1 _aUnidade de Execução de Pesquisa de Âmbito Estadual de Teresina, PI (Brasil)
245 1 _aFenologia e produção do piqui (Caryocar sp.)em região de ocorrência natural da espécie no Estado do Piauí
260 3 _aTeresina, PI (Brasil):
_c1990.
300 _a4 p.
490 _aPesquisa em Andamento - Unidade de Execução de Pesquisa de Âmbito Estadual de Teresina, PI (Brazil)
_vno. 51
_xISSN 0101-9155
650 _aPEQUI
650 _aFENOLOGIA
650 _aPRODUÇÃO VEGETAL
650 _aPLANTA OLEAGINOSA
650 _aVITAMINA A
650 _aPIAUÍ
909 _a202312
_bLúcia Elande
_c55
_dLúcia Elande
942 _2AGRIS
_n0
_cMS
999 _c293799
_d293799